VAJNORY

Bibliographic Details
Main Author: Maďaričová, Anna (Author)
Format: Article
Language:Slovak

MARC

LEADER 00000nab a2200000ua 4500
001 vtls010799706
003 SK-MaSNL
005 20260303120333.0
008 230131s1977 xo |||||||||||||||||slo|
035 |a (urnnbn)urn:nbn:sk:snk:ar-003ufk 
035 |a (uuid)a285a79f-76e7-4261-aac1-0b8f2a92de76 
035 |a urn:nbn:sk:snk-ab427d 
040 |a SNKBUCL  |b slo  |c SNKBUCL  |e AACR2 
041 0 |a slo 
044 |a xo  |c SK 
100 1 |a Maďaričová, Anna  |4 aut  |9 786991 
245 1 0 |a VAJNORY  |c Anna Maďaričová 
773 0 |t Vlastivedný časopis : časopis pre vlastivednú prácu, kultúrnu históriu, pamiatky a múzeá  |g Roč. 26, č. 4 (1977), s. 161-167 
954 |a odborná, vedecká literatúra pôvodná (slovenská)  |2 lita 
958 |a OND 
958 |a EUIPO 
958 |a article3 
999 |c 1908987  |d 1910917